[Event "Indywidualne Mistrzostwa Polski Juniorow - C18"]
[Site "Szczyrk"]
[Date "2013-03-19"]
[Round "4.24"]
[White "Mikolajczak, Wojciech"]
[Black "Prominski, Piotr"]
[Result "1-0"]
[WhiteTitle "II+"]
[BlackTitle "I"]
[WhiteElo "1740"]
[BlackElo "1834"]

1. c4 e6 2. Nc3 d5 3. cxd5 exd5 4. d4 Nf6 5. Bf4 c6 6. Nf3 Bf5 7. g3 Be7 8. Bg2
O-O 9. O-O Nbd7 10. Rc1 Ne4 11. Nd2 Nxc3 12. Rxc3 Nf6 13. Qb3 Qd7 14. Re1 Ne4
15. Nxe4 Bxe4 16. Bxe4 dxe4 17. Rd1 Rad8 18. Re3 Qd5 19. Qxb7 Rd7 20. Qb3 g5 21.
Be5 f6 22. Bb8 Qxb3 23. Rxb3 Bc5 24. g4 Rxd4 25. Rc1 Bb6 26. Bg3 Rd2 27. e3 f5
28. gxf5 Rxf5 29. Rxc6 h5 30. h4 Kh7 31. Re6 g4 32. Rxe4 Rc5 33. Kg2 Rc1 34. Rb5
Kg6 35. Rg5+ Kf7 36. Rxh5 Rxb2 37. a3 Rc3 38. Be5 1-0